Pirátstvo ako pretrvávajúci problém medzinárodnej bezpečnosti bakalárska práca

Na minha lista:
Detalhes bibliográficos
Autor principal: Princík, Vladimír
Autor Corporativo: Fakulta medzinárodných vzťahov EU. Katedra medzinárodných politických vzťahov
Outros Autores: Billý, Ľubomír
Formato: Livro
Idioma:eslovaco
Publicado em: Bratislava 2011
Tags: Adicionar Tag
Sem tags, seja o primeiro a adicionar uma tag!

MARC

LEADER 00000nbm a2200000 4500
001 0131156
005 20161109111412.1
041 0 |a slo 
044 |a SK 
245 1 0 |a Pirátstvo ako pretrvávajúci problém medzinárodnej bezpečnosti  |b bakalárska práca  |c Vladimír Princík ; školiteľ: Ľubomír Billý 
264 1 |a Bratislava  |c 2011 
300 |a 53 s. 
100 1 |a Princík, Vladimír 
700 1 |a Billý, Ľubomír 
710 2 |a Fakulta medzinárodných vzťahov EU. Katedra medzinárodných politických vzťahov